000 00740nam a2200229 a 4500
001 000024218
005 20200930022822.0
008 110120s1973 ag r 000 0 spa d
040 _aDO-SdBNP
_bspa
_cBNPHU
041 1 7 _aspa
_heng
_2Código de idiomas MARC
082 _annnn
_bC874a
100 1 _aCowen, Ron
_949744
240 1 0 _aSummertree.
_lEspañol
245 1 0 _aÁrbol de verano /
_cRon Cowen.
260 _aBuenos Aires :
_bJuan Goyanarte,
_c1973.
300 _a103, [2] p. ;
_c20 cm.
490 1 _aFicción y teatro
504 _aIncluye referencias bibliográficas y notas al pie de las páginas.
534 _pTítulo original en inglés:
_tSummertree.
_cNew York, 1968
830 0 _aFicción y teatro
_949745
049 _aBNGR
999 _c23712
_d23712